| 000 | 01440nam0a2200385 4500 | ||
|---|---|---|---|
| 001 | RU\NLR\ONL2\5776 | ||
| 005 | 20260204000000.0 | ||
| 035 | _a(NLR Aleph) 009653374 | ||
| 090 |
_a9579807 _c9579807 |
||
| 100 | _a20060912d1933 u y0rusy50 ca | ||
| 101 | 0 | _atun | |
| 102 | _aRU | ||
| 105 | _ay ||||||||| | ||
| 135 | _acrcn 024anaba | ||
| 200 | 1 |
_aTatigawzakэllu _fN. S. Pawlenko _gНауч.-исслед. ассоц. Ин-та народов Севера ЦИК СССР |
|
| 210 |
_aМ. _aЛ. _cPartizdat _d1933 |
||
| 215 |
_a13,[3] c. _d22 |
||
| 325 | _aКопия доступна в Электрон. б-ке РНБ | ||
| 541 | 1 |
_6z01790 _aУчитесь грамоте _zrus |
|
| 606 | 1 |
_aЭвенкийский язык _jБуквари _91445086 _3RU\NLR\AUTH\66611845 |
|
| 686 | 1 | _aШ165.11-929 | |
| 700 | 1 |
_aPawlenko _bN. S. _4070 |
|
| 790 | 1 |
_6z01541 _aПавленко _bН. С. _4070 |
|
| 801 | 0 |
_aRU _bNLR _c20060912 _gPSBO |
|
| 852 |
_aNLR _bОНЛ _jЭвенк./3-53 |
||
| 856 | 0 | _uhttps://vivaldi.nlr.ru/bx700005003/view | |
| 856 | 1 | _uhttps://vivaldi.nlr.ru/bx700005003/cover | |
| 856 | 2 | _uhttps://vivaldi.nlr.ru/bx700005003/text | |
| 942 | _cBOOK | ||
| 980 | _aNB | ||
| 980 | _aONL_RF | ||
| 981 | 2 | 3 |
_a(23) Национальные литературы _b(23) Книги на национальных языках |